000 00777nab a2200241 u 4500
001 11842
003 HDC
007 cr bn ---aaaaa
008 210208c mydr|nes 0 a eng d
040 _aHDC
245 0 _aDavao amends Halal ordinance
260 _a[no place] :
_b[publisher not identified],
_c[no year]
336 _atext
_2rdacontent
337 _acomputer
_2rdamedia
338 _aonline resource
_2rdacarrier
650 _aHalal certificate
_9482
650 _aHalal food
_950
710 _aBusinessWeek Mindanao Online
856 _zRequest full-text at [email protected]
942 _2lcc
942 _cNEWS
942 _kNWSO 002632
999 _c9165
_d9165